Novela zákona o účtovníctve č. 431/2002 Z. z. v znení neskorších predpisov od 1.1.2018
Od 1.1.2018 vstúpila do platnosti novela Zákona č. 431/2002 Z. z. o účtovníctve v z.n.p. (zmena č. 264/2017 Z. z. a zmena č. 275/2017 Z. z.), ktorá bola schválená parlamentom dňa 11.10.2017. Novela prináša viaceré zmeny, v niektorých prípadoch ide iba o „kozmetickú“ úpravu, ale aj o zásadné zmeny a...
Gespeichert in:
| 1. Verfasser: | |
|---|---|
| Format: | Buchkapitel |
| Sprache: | Slowakisch |
| Schlagworte: | |
| Tags: |
Keine Tags, Fügen Sie das erste Tag hinzu!
|
MARC
| LEADER | 00000nla a2200000 4500 | ||
|---|---|---|---|
| 001 | 0247548 | ||
| 005 | 20240502073949.0 | ||
| 041 | 0 | |a slo | |
| 044 | |a SK | ||
| 245 | 1 | 0 | |a Novela zákona o účtovníctve č. 431/2002 Z. z. v znení neskorších predpisov od 1.1.2018 |c Ján Užík |
| 520 | |a Od 1.1.2018 vstúpila do platnosti novela Zákona č. 431/2002 Z. z. o účtovníctve v z.n.p. (zmena č. 264/2017 Z. z. a zmena č. 275/2017 Z. z.), ktorá bola schválená parlamentom dňa 11.10.2017. Novela prináša viaceré zmeny, v niektorých prípadoch ide iba o „kozmetickú“ úpravu, ale aj o zásadné zmeny a novinky. Zmeny platné od 1.1.2018 v zákone o účtovníctve. | ||
| 610 | 2 | 0 | |a zákony |
| 610 | 2 | 0 | |a Slovensko |
| 610 | 2 | 0 | |a novelizácia |
| 610 | 2 | 0 | |a pravidlá účtovné |
| 610 | 2 | 0 | |a účtovníctvo |
| 100 | 1 | |a Užík, Ján, 1969- | |